Officium commemorationis solemnis Beatissimae Virginis Mariae de Monte Carmelo, cum vigilia, et octava privilegiata, pro fratribus, et sororibus Ordinis Carmelitarum Excalceatorum

Detalles Bibliográficos
Autor Corporativo: Iglesia Católica
Formato: Libro
Lenguaje:Spanish
Publicado: Mexici : apud Marianum Galvan, 1835.
Materias:
Colección:Banco de datos
Acervo:Biblioteca de la Orden de Carmelitas Descalzas de San José y Santa Teresa de Puebla. Puebla
Descripción Física:160 p. ; 13. 5 cm.
Tema general:Liturgia
Notas:Portada tipográfica con plecas. Encuadernación en piel sobre cartón (234, 314)
LEADER 00828nam a22001810004500
035 |a 149 
041 0 |a spa 
110 1 |a Iglesia Católica 
245 1 0 |a Officium commemorationis solemnis Beatissimae Virginis Mariae de Monte Carmelo, cum vigilia, et octava privilegiata, pro fratribus, et sororibus Ordinis Carmelitarum Excalceatorum  
260 |a Mexici : apud Marianum Galvan, 1835. 
300 |a 160 p. ; 13. 5 cm. 
500 |a Portada tipográfica con plecas. Encuadernación en piel sobre cartón (234, 314) 
610 1 4 |a Carmelitas 
650 1 0 |a Liturgia 
949 |a Fondo Bibliográfico Antiguo de las Carmelitas Descalzas de San José y Santa Teresa, Puebla, Puebla 234, 314 
942 |c CARMELITAS 
943 |g Biblioteca de la Orden de Carmelitas Descalzas de San José y Santa Teresa de Puebla. Puebla 
999 |c 950608  |d 950608